[Event "Game"]
[Site "http://www.queenalice.com/game.php?id=269130"]
[Date "2007.9.9"]
[Round "-"]
[White "Markus1234567"]
[Black "nandolessa"]
[Result "1-0"]
[WhiteElo "1946"]
[BlackElo "1814"]

1. d4 d5 2. Nf3 Nf6 3. g3 Bg4 4. Bg2 e6 5. O-O Be7 6. Ne5 O-O 7. Nxg4 Nxg4 8. e4
Nf6 9. e5 Nfd7 10. Qg4 g6 11. Nc3 Nc6 12. Ne2 h5 13. Qf3 a6 14. Bh6 Re8 15. Bd2
Nb6 16. b3 Bb4 17. c3 Be7 18. Nf4 Bg5 19. h4 Bxf4 20. Qxf4 Ne7 21. Bh3 a5 22.
Qh6 Nf5 23. Bxf5 exf5 24. Bg5 Re7 25. Bf6 1-0

[Event "QA-ANNIV-03"]
[Site "http://www.queenalice.com/game.php?id=270156"]
[Date "2007.9.11"]
[Round "3"]
[White "nandolessa"]
[Black "Ghenov"]
[Result "0-1"]
[WhiteElo "1803"]
[BlackElo "2178"]

1. e4 c5 2. Nf3 d6 3. Bc4 Nf6 4. Nc3 e6 5. O-O Be7 6. a3 O-O 7. d3 Nc6 8. Bg5 d5
9. exd5 exd5 10. Nxd5 Nxd5 11. Bxe7 Ncxe7 12. Re1 Nb6 13. Qd2 Nxc4 14. dxc4 Nc6
15. Rad1 Qf6 16. c3 Bg4 17. Qd5 Rfe8 18. Rd3 Bxf3 19. gxf3 Rxe1+ 20. Kg2 Qg6+
21. Kh3 Rg1 22. Qd7 Qh5# 0-1

[Event "AUTO-OPEN-841"]
[Site "http://www.queenalice.com/game.php?id=276540"]
[Date "2007.9.24"]
[Round "1"]
[White "Mario_"]
[Black "nandolessa"]
[Result "0-1"]
[WhiteElo "1316"]
[BlackElo "1720"]

1. e3 e5 2. Bc4 Nf6 3. b3 Be7 4. Nf3 O-O 5. Nxe5 d5 6. Bb5 c6 7. Bd3 Qd6 8. f4
Nbd7 9. g3 Ne4 10. Ba3 Qe6 11. Bb2 Ndf6 12. b4 Bxb4 13. c4 Ne8 14. Qb3 a5 15.
cxd5 Qxd5 16. Qc4 Qxc4 17. Nxc4 Nc5 18. Bc2 b5 19. Nb6 Rb8 20. Nxc8 Rxc8 21. a3
Bxd2+ 22. Nxd2 Nf6 23. O-O-O Rfe8 24. Nb3 Nxb3+ 25. Bxb3 Rxe3 26. Bc2 Nd5 27.
Rhe1 Rce8 28. Rxe3 Rxe3 29. a4 b4 30. f5 Re2 31. g4 Rxh2 32. g5 Kf8 33. g6 h6
34. Be5 Re2 35. gxf7 Rxe5 36. Rd4 Ne3 37. Re4 Rxe4 38. Bxe4 Kxf7 39. Kd2 Nc4+
40. Kc2 c5 41. Bd5+ Kf6 42. Bxc4 Kxf5 43. Kd3 g5 44. Bd5 g4 45. Kc4 Kf4 46. Kxc5
h5 47. Kb5 g3 48. Kxa5 b3 49. Kb5 b2 50. a5 b1=Q+ 51. Kc5 h4 52. a6 h3 53. a7
Qa1 54. a8=Q Qxa8 55. Bxa8 g2 56. Bxg2 hxg2 57. Kc4 g1=Q 58. Kb5 Qd4 59. Kc6 Ke5
60. Kb7 Qc5 61. Ka6 Kd6 0-1

[Event "AUTO-OPEN-841"]
[Site "http://www.queenalice.com/game.php?id=276541"]
[Date "2007.9.24"]
[Round "1"]
[White "nandolessa"]
[Black "Mario_"]
[Result "1-0"]
[WhiteElo "1726"]
[BlackElo "1401"]

1. e4 e6 2. Nf3 Bc5 3. Nc3 Qh4 4. Nxh4 g5 5. Nf3 h6 6. Bc4 Nf6 7. O-O Nc6 8. d4
Bd6 9. e5 Be7 10. exf6 Bxf6 11. d5 exd5 12. Nxd5 d6 13. Nxf6+ Ke7 14. Nd5+ Kd8
15. Qe2 Re8 16. Qd3 a6 17. Nf6 b5 18. Nxe8 bxc4 19. Qxc4 Kxe8 20. Qxc6+ Bd7 21.
Qxa8+ Ke7 22. Re1+ Kf6 23. Qd8+ Kg6 24. Qxd7 c5 25. Qxd6+ Kg7 26. Nxg5 hxg5 27.
Bxg5 a5 28. Re8 c4 29. Qf6+ Kh7 30. Qh6# 1-0

[Event "AUTO-OPEN-841"]
[Site "http://www.queenalice.com/game.php?id=276562"]
[Date "2007.9.24"]
[Round "1"]
[White "rycaom"]
[Black "nandolessa"]
[Result "0-1"]
[WhiteElo "1215"]
[BlackElo "1795"]

1. e4 e5 2. Nf3 Nc6 3. d4 d6 4. d5 Nd4 5. c3 Nxf3+ 6. gxf3 Nf6 7. Nd2 Be7 8. b4
O-O 9. Nc4 b5 10. Na3 a6 11. c4 bxc4 12. Bxc4 a5 13. bxa5 Rxa5 14. f4 Nxe4 15.
Rg1 Bh4 16. Nb5 Bxf2+ 17. Kf1 Bxg1 18. Kxg1 Qh4 19. f5 Bxf5 20. Nxc7 Qf2+ 21.
Kh1 Ng3+ 22. hxg3 Be4+ 23. Qf3 Bxf3# 0-1

[Event "AUTO-OPEN-841"]
[Site "http://www.queenalice.com/game.php?id=276563"]
[Date "2007.9.24"]
[Round "1"]
[White "nandolessa"]
[Black "rycaom"]
[Result "1-0"]
[WhiteElo "1751"]
[BlackElo "1095"]

1. e4 c5 2. Nf3 d6 3. Bb5+ Nc6 4. Bxc6+ bxc6 5. d3 f5 6. Nc3 Nf6 7. e5 Nd5 8.
Nxd5 Rb8 9. Nf4 d5 10. O-O d4 11. e6 g6 12. Ne5 Qd6 13. Re1 g5 14. Nc4 gxf4 15.
Nxd6+ exd6 16. Bxf4 Rb7 17. Qh5+ Kd8 18. Bg5+ Be7 19. Bxe7+ Rxe7 20. Qxf5 d5 21.
Re5 Rhe8 22. Rae1 h5 23. c4 dxc4 24. dxc4 d3 25. Qxd3+ Kc7 26. Qa3 h4 27. Qxa7+
Bb7 28. Qxc5 Rg7 29. e7 h3 30. Qa5+ 1-0

[Event "AUTO-OPEN-841"]
[Site "http://www.queenalice.com/game.php?id=276576"]
[Date "2007.9.24"]
[Round "1"]
[White "nandolessa"]
[Black "enzoiazo"]
[Result "0-1"]
[WhiteElo "1795"]
[BlackElo "1972"]

1. e4 Nf6 2. Nc3 d5 3. e5 d4 4. exf6 dxc3 5. fxg7 cxd2+ 6. Qxd2 Qxd2+ 7. Bxd2
Bxg7 8. c3 O-O 9. Bc4 Nd7 10. Nf3 Nb6 11. Bb3 a5 12. O-O a4 13. Bc2 Bg4 14. Ng5
h6 15. Ne4 a3 16. b3 Rad8 17. f3 Bh5 18. Nc5 Rxd2 19. Be4 Bxc3 20. Rac1 Bd4+ 21.
Kh1 Rxa2 22. Nxb7 Be5 23. Rc5 f6 24. g3 Bf7 25. b4 Rb2 26. Ra1 a2 27. b5 Na4 28.
Rc6 Nc3 29. f4 Nxe4 30. fxe5 Bd5 31. Rxc7 Nxg3+ 32. Kg1 Rg2# 0-1

[Event "AUTO-OPEN-841"]
[Site "http://www.queenalice.com/game.php?id=276577"]
[Date "2007.9.24"]
[Round "1"]
[White "enzoiazo"]
[Black "nandolessa"]
[Result "1-0"]
[WhiteElo "1906"]
[BlackElo "1801"]

1. d4 d5 2. Nf3 Nf6 3. Bf4 Bg4 4. Nbd2 e6 5. h3 Bh5 6. c3 Bd6 7. Ne5 O-O 8. Ndf3
Bxf3 9. exf3 Nbd7 10. Bd3 Nh5 11. Bh2 Nxe5 12. dxe5 Bxe5 13. Bxe5 c6 14. O-O Qg5
15. Bh2 c5 16. Qc1 Qf6 17. Qe3 c4 18. Bc2 b6 19. g4 g6 20. gxh5 gxh5 21. Kh1 Kh8
22. Rg1 Rg8 23. Be5 Rxg1+ 24. Rxg1 1-0

[Event "AUTO-ADV-677"]
[Site "http://www.queenalice.com/game.php?id=285558"]
[Date "2007.10.12"]
[Round "1"]
[White "blindmove"]
[Black "nandolessa"]
[Result "1-0"]
[WhiteElo "1762"]
[BlackElo "1729"]

1. e4 e5 2. Nf3 Nc6 3. Bc4 h6 4. d4 Bb4+ 5. c3 Bd6 6. d5 Na5 7. Be2 Nf6 8. b4 c5
9. bxa5 Nxe4 10. O-O O-O 11. c4 Bc7 12. Qc2 Nf6 13. Bb2 d6 14. Nbd2 Bxa5 15.
Rab1 g6 16. Ne4 Bf5 17. Bd3 Nxe4 18. Bxe4 Bxe4 19. Qxe4 f5 20. Qc2 a6 21. Bc1 e4
22. Nd2 Qf6 23. Nb3 Qc3 24. Qxc3 Bxc3 25. Bxh6 Rf7 26. Bf4 Be5 27. Bxe5 dxe5 28.
Na5 Rb8 29. Rfd1 b6 30. Nc6 Rc8 31. Rxb6 e3 32. fxe3 e4 33. a4 Ra8 34. Ne5 Rg7
35. Rxg6 Rxg6 36. Nxg6 Rb8 37. d6 1-0

[Event "AUTO-ADV-677"]
[Site "http://www.queenalice.com/game.php?id=285559"]
[Date "2007.10.12"]
[Round "1"]
[White "nandolessa"]
[Black "blindmove"]
[Result "0-1"]
[WhiteElo "1720"]
[BlackElo "1798"]

1. e4 c5 2. Nf3 d6 3. Bb5+ Bd7 4. Qe2 Nc6 5. O-O a6 6. Bc4 e6 7. d3 b5 8. Bb3
Na5 9. c3 Nxb3 10. axb3 Nf6 11. Bg5 Be7 12. Nbd2 O-O 13. c4 b4 14. d4 cxd4 15.
Nxd4 Re8 16. e5 dxe5 17. N4f3 Qc7 18. Nxe5 Bc8 19. Ndf3 Bb7 20. Rfe1 Rad8 21.
Bxf6 Bxf6 22. Ng4 Be7 23. Ra4 Bf8 24. Nfe5 Qb6 25. Kf1 Qd6 26. Rc1 Qc5 27. Nd3
Qc6 28. Nge5 Qxg2+ 29. Ke1 Qxh2 30. Nxb4 Bg2 31. Ned3 g6 32. Rxa6 Qh1+ 33. Kd2
Bxb4+ 34. Kc2 Qh3 35. Nxb4 Qf5+ 36. Kc3 Bf3 37. Qe3 Be4 38. Nc6 Rd3+ 39. Qxd3
Bxd3 0-1

[Event "AUTO-ADV-677"]
[Site "http://www.queenalice.com/game.php?id=285570"]
[Date "2007.10.12"]
[Round "1"]
[White "clemerson"]
[Black "nandolessa"]
[Result "1-0"]
[WhiteElo "1826"]
[BlackElo "1707"]

1. e4 e5 2. Nf3 Nc6 3. Bb5 Nf6 4. O-O Bc5 5. Bxc6 dxc6 6. Nxe5 Qd4 7. Nf3 Bg4 8.
Nxd4 Bxd1 9. Rxd1 Bxd4 10. c3 Bb6 11. d4 O-O 12. e5 Nd7 13. Rd3 c5 14. Nd2 cxd4
15. cxd4 Rfe8 16. Nc4 f6 17. Nxb6 Nxb6 18. Bf4 Nd5 19. Bg3 Nb4 20. Rb3 Nc2 21.
Rd1 b6 22. exf6 Re2 23. fxg7 Nxd4 24. Rbd3 c5 25. R3d2 Kxg7 26. Kf1 Rae8 27.
Rxe2 Nxe2 28. Bh4 Nd4 29. b4 Nf5 30. Bg3 Nxg3+ 31. hxg3 cxb4 32. Rd7+ Kg6 33.
Rxa7 Rc8 34. Rb7 Rc6 35. f4 h5 36. Kg1 Kf5 37. Rb8 Rg6 38. Kf2 Kg4 39. Rb7 Rg8
40. Rxb6 Ra8 41. Rg6+ Kf5 42. Rg5+ Kf6 43. Rxh5 Rxa2+ 44. Kg1 b3 45. Rb5 b2 46.
Kh2 Kg6 47. Kh3 Kh6 48. g4 Ra3+ 49. Kh4 Ra2 50. g3 Kg6 51. g5 1-0

[Event "AUTO-ADV-677"]
[Site "http://www.queenalice.com/game.php?id=285571"]
[Date "2007.10.12"]
[Round "1"]
[White "nandolessa"]
[Black "clemerson"]
[Result "1-0"]
[WhiteElo "1696"]
[BlackElo "1884"]

1. e4 e6 2. Nf3 d5 3. e5 c5 4. d4 Nc6 5. Bb5 Qa5+ 6. Nc3 cxd4 7. Nxd4 Bd7 8.
Nxc6 bxc6 9. Ba4 Bb4 10. Bb3 Bxc3+ 11. bxc3 Qxc3+ 12. Bd2 Qxe5+ 13. Be3 c5 14.
O-O d4 15. Bd2 Bc6 16. Re1 Qg5 17. Bxg5 Ne7 18. Bxe7 Kxe7 19. Qg4 g6 20. Bxe6
fxe6 21. Qxe6+ Kf8 22. Qxc6 Rb8 23. Qd6+ Kg7 24. Re7+ Kh6 25. Qxc5 Rbc8 26. Qxd4
g5 27. Qg7+ Kh5 28. Re3 h6 29. Rh3+ Kg4 30. Rxh6 Rxh6 31. Qd7+ Kf4 32. Qxc8 g4
33. g3+ Kg5 34. Re1 Rb6 35. Re5+ Kf6 36. Qe8 a5 37. Qe7+ Kg6 38. Re6+ Rxe6 39.
Qxe6+ Kg7 40. c4 a4 41. c5 a3 42. c6 Kf8 43. Qd7 Kg8 44. c7 Kf8 45. c8=R# 1-0

[Event "AUTO-ADV-677"]
[Site "http://www.queenalice.com/game.php?id=285576"]
[Date "2007.10.12"]
[Round "1"]
[White "Newcobos"]
[Black "nandolessa"]
[Result "1-0"]
[WhiteElo "2019"]
[BlackElo "1696"]

1. d4 d5 2. c4 e6 3. Nc3 Bb4 4. Nf3 Nf6 5. Ne5 O-O 6. Bg5 h6 7. Bh4 dxc4 8. Qa4
Qxd4 9. Qxb4 Qxe5 10. Qxc4 Bd7 11. Bg3 Qf5 12. Qxc7 Bc6 13. O-O-O Nbd7 14. f3
Nd5 15. Nxd5 exd5 16. Qf4 Qe6 17. e3 Nc5 18. Be1 Rfe8 19. Bb4 Nd7 20. Re1 Qf6
21. Qg3 Ne5 22. Bc3 Qe6 23. f4 Nd7 24. Qxg7# 1-0

[Event "AUTO-ADV-677"]
[Site "http://www.queenalice.com/game.php?id=285577"]
[Date "2007.10.12"]
[Round "1"]
[White "nandolessa"]
[Black "Newcobos"]
[Result "0-1"]
[WhiteElo "1720"]
[BlackElo "2024"]

1. e4 e5 2. Nf3 Nc6 3. Bb5 a6 4. Bxc6 dxc6 5. O-O Bg4 6. h3 Bxf3 7. Qxf3 Qf6 8.
Qxf6 Nxf6 9. d3 O-O-O 10. Bg5 Be7 11. Nc3 h6 12. Bxf6 Bxf6 13. f3 b5 14. b3 Kb7
15. a4 Be7 16. f4 Bc5+ 17. Kh1 Bd4 18. axb5 cxb5 19. fxe5 Bxc3 20. Rad1 Rhf8 21.
Rf5 g6 22. Rf3 Bxe5 23. g4 Rd6 24. Kg2 Rc6 25. c4 bxc4 26. bxc4 Rb6 27. d4 Rb2+
28. Kf1 Bg7 29. e5 f6 30. e6 Kc6 31. d5+ Kd6 32. Re3 Re8 33. Ra3 Ra8 34. Ra5 Rc2
35. c5+ Rxc5 36. Rxc5 Kxc5 37. Ke2 Bf8 38. Ke3 a5 39. Ke4 a4 40. Rc1+ Kb6 41.
Kd4 a3 42. Ra1 a2 43. h4 Ra4+ 44. Ke3 Kc5 0-1

[Event "QA-ANNIV-03"]
[Site "http://www.queenalice.com/game.php?id=316088"]
[Date "2007.12.6"]
[Round "4"]
[White "Mirok"]
[Black "nandolessa"]
[Result "1-0"]
[WhiteElo "2261"]
[BlackElo "1722"]

1. Nf3 e5 2. Nxe5 Qe7 3. Nf3 Nf6 4. c4 d6 5. Nc3 Ne4 6. Nd5 Qd7 7. Qc2 Nc5 8. d4
Ne6 9. e3 Be7 10. Bd3 c6 11. Nc3 g6 12. Bd2 b6 13. O-O a5 14. e4 Bb7 15. Rad1
Na6 16. a3 c5 17. d5 Nd4 18. Nxd4 cxd4 19. c5 dxc3 20. Qxc3 f6 21. c6 Bxc6 22.
dxc6 Qc7 23. Bc4 Nc5 24. Rfe1 O-O-O 25. b4 axb4 26. axb4 Na4 27. Qa3 Qxc6 28.
Rc1 Kb8 29. b5 Qa8 30. Bd5 Qa7 31. Ra1 1-0

[Event "AUTO-OPEN-790"]
[Site "http://www.queenalice.com/game.php?id=323217"]
[Date "2007.12.20"]
[Round "2"]
[White "nandolessa"]
[Black "mrshogi"]
[Result "1-0"]
[WhiteElo "1697"]
[BlackElo "1776"]

1. e4 e6 2. Nf3 d5 3. e5 c5 4. Bb5+ Bd7 5. Qe2 a6 6. Bxd7+ Nxd7 7. d4 Ne7 8. Bg5
Qb6 9. b3 Nc6 10. c3 cxd4 11. O-O Bc5 12. cxd4 Nxd4 13. Nxd4 Bxd4 14. Nd2 Bxa1
15. Rxa1 1-0

[Event "AUTO-OPEN-790"]
[Site "http://www.queenalice.com/game.php?id=323218"]
[Date "2007.12.20"]
[Round "2"]
[White "mrshogi"]
[Black "nandolessa"]
[Result "0-1"]
[WhiteElo "1757"]
[BlackElo "1716"]

1. d4 d5 2. Nf3 Nf6 3. Bf4 Bg4 4. c3 e6 5. Qb3 b6 6. e3 a6 7. c4 a5 8. Nc3 Bb4
9. a3 Bxc3+ 10. bxc3 O-O 11. Be2 Bxf3 12. Bxf3 Ra7 13. O-O Nbd7 14. cxd5 exd5
15. c4 dxc4 0-1